LEADER 03608nam 2200565 450 001 9910465329403321 005 20200520144314.0 010 $a1-4438-6551-6 035 $a(CKB)3710000000218134 035 $a(EBL)1765203 035 $a(SSID)ssj0001288829 035 $a(PQKBManifestationID)12513613 035 $a(PQKBTitleCode)TC0001288829 035 $a(PQKBWorkID)11294500 035 $a(PQKB)10198519 035 $a(MiAaPQ)EBC1765203 035 $a(Au-PeEL)EBL1765203 035 $a(CaPaEBR)ebr10909470 035 $a(CaONFJC)MIL636927 035 $a(OCoLC)887507709 035 $a(EXLCZ)993710000000218134 100 $a20140828h20132013 uy 0 101 0 $aeng 135 $aur|n|---||||| 181 $ctxt 182 $cc 183 $acr 200 10$aFeedback in online course for non-native English-speaking students /$fby Larisa Olesova 210 1$aNewcastle upon Tyne, England :$cCambridge Scholars Publishing,$d2013. 210 4$dİ2013 215 $a1 online resource (158 p.) 300 $aDescription based upon print version of record. 311 $a1-4438-4223-0 320 $aIncludes bibliographical references. 327 $aTABLE OF CONTENTS; LIST OF TABLES; LIST OF FIGURES; FOREWORD; ACKNOWLEDGEMENTS; LIST OF ABBREVIATIONS; CHAPTER ONE - INTRODUCTION; Problem Statement; Rationale; Purpose of the Study; Research Questions; Significance of the Study; CHAPTER TWO - REVIEW OF THE LITERATURE; Literature Review Methodology; Nonnative and Native English-Speaking Teachers; Feedback; Feedback in Asynchronous Online Environments; Feedback in Writing; Written Feedback; Oral Feedback and Electronic Feedback; Audio Feedback in EFL/ESL; Audio Feedback in Distance Education; Summary; CHAPTER THREE - METHODS; Overview 327 $aTheoretical FrameworkParticipants and Sampling Method; Research Design; Dependent Variables; Quality of Online Posting; Participants' Perceptions; Independent Variables; Level of Language Proficiency; Type of Feedback Delivery Method; Instructors; Reliability and Validity; Data Analysis; Threats to Validity; CHAPTER FOUR - RESULTS; Overview; Missing Data Analysis; Results for Research Questions One and Two; Results for Research Question Three; Results for Research Question Four; CHAPTER FIVE - DISCUSSION, IMPLICATIONS, RECOMMENDATIONS, FUTURE RESEARCH, LIMITATIONS, AND CONCLUSION 327 $aResearch Questions One and TwoResearch Questions Three and Four; Implications and Recommendations; Future Research; Limitations; Conclusion; REFERENCES; APPENDIX A; APPENDIX B; APPENDIX C; APPENDIX D 330 $aFeedback in Online Course for Non-Native English-Speaking Students is an investigation of the effectiveness of audio and text feedback provided in English in an online course for non-native English-speaking students. The study presents results showing how audio and text feedback can impact on non-native English-speaking students' higher-order learning as they participate in an asynchronous online course. It also discusses the results of how students perceive both types of the feedback provide... 606 $aEnglish language$xComputer-assisted instruction for foreign speakers 608 $aElectronic books. 615 0$aEnglish language$xComputer-assisted instruction for foreign speakers. 676 $a428.00285 700 $aOlesova$b Larisa$0941541 801 0$bMiAaPQ 801 1$bMiAaPQ 801 2$bMiAaPQ 906 $aBOOK 912 $a9910465329403321 996 $aFeedback in online course for non-native English-speaking students$92124107 997 $aUNINA LEADER 01742oam 2200457M 450 001 9910716187203321 005 20200213070902.2 035 $a(CKB)5470000002518239 035 $a(OCoLC)1065592351 035 $a(OCoLC)995470000002518239 035 $a(EXLCZ)995470000002518239 100 $a20071213d1926 ua 0 101 0 $aeng 135 $aurcn||||||||| 181 $ctxt$2rdacontent 182 $cc$2rdamedia 183 $acr$2rdacarrier 200 10$aRegulation of motor vehicle traffic in the District of Columbia. March 3 (calendar day, March 4), 1926. -- Ordered to be printed 210 1$a[Washington, D.C.] :$c[U.S. Government Printing Office],$d1926. 215 $a1 online resource (2 pages) 225 1 $aSenate report / 69th Congress, 1st session. Senate ;$vno. 259 225 1 $a[United States congressional serial set] ;$v[serial no. 8524] 300 $aBatch processed record: Metadata reviewed, not verified. Some fields updated by batch processes. 300 $aFDLP item number not assigned. 517 $aRegulation of motor vehicle traffic in the District of Columbia. March 3 606 $aDrivers' licenses 606 $aMotor vehicles 606 $aTraffic regulations 608 $aLegislative materials.$2lcgft 615 0$aDrivers' licenses. 615 0$aMotor vehicles. 615 0$aTraffic regulations. 701 $aCapper$b Arthur$f1865-1951$pRepublican (KS)$01386839 801 0$bWYU 801 1$bWYU 801 2$bOCLCO 801 2$bOCLCQ 906 $aBOOK 912 $a9910716187203321 996 $aRegulation of motor vehicle traffic in the District of Columbia. March 3 (calendar day, March 4), 1926. -- Ordered to be printed$93455492 997 $aUNINA LEADER 05239nam 2200781 450 001 9910823624403321 005 20210425145055.0 010 $a90-04-28390-0 024 7 $a10.1163/9789004283909 035 $a(CKB)2670000000578594 035 $a(EBL)1875467 035 $a(SSID)ssj0001381352 035 $a(PQKBManifestationID)11769370 035 $a(PQKBTitleCode)TC0001381352 035 $a(PQKBWorkID)11392562 035 $a(PQKB)10797026 035 $a(MiAaPQ)EBC1875467 035 $a(OCoLC)889181216$z(OCoLC)889167784 035 $a(nllekb)BRILL9789004283909 035 $a(Au-PeEL)EBL1875467 035 $a(CaPaEBR)ebr10992552 035 $a(CaONFJC)MIL665644 035 $a(OCoLC)897376939 035 $a(PPN)184923271 035 $a(EXLCZ)992670000000578594 100 $a20210425d2015 uy 0 101 0 $aeng 135 $aur|n|---||||| 181 $ctxt$2rdacontent 182 $cc$2rdamedia 183 $acr$2rdacarrier 200 00$aHinterlands and commodities $eplace, space, time and the political economic development of Asia over the long eighteenth century /$fedited by Tsukasa Mizushima, George Bryan Souza, Dennis O. Flynn 210 1$aLeiden :$cBrill,$d2015. 215 $a1 online resource 225 1 $aEuropean expansion and indigenous response,$x1873-8974 ;$vv. 14 300 $aDescription based upon print version of record. 311 $a90-04-28388-9 311 $a1-322-34362-4 320 $aIncludes bibliographical references (p. 235-254) and index. 327 $tPreliminary Material /$rTsukasa Mizushima , George Bryan Souza and Dennis O. Flynn -- $tIntroduction /$rTsukasa Mizushima , George Bryan Souza and Dennis O. Flynn -- $tHinterlands, Commodity Chains, and Circuits in Early Modern Asian History: Sugar in Qing China and Tokugawa Japan /$rGeorge Bryan Souza -- $tHydraulic Metaphor: A Model of Global and Local Connectivity /$rDennis O. Flynn and Marie A. Lee -- $tThe Dynamics of Port-Hinterland Relationships in Eighteenth-Century Gujarat /$rGhulam A. Nadri -- $tPorts, Hinterlands and Merchant Networks: Armenians in Bengal in the Eighteenth Century /$rBhaswati Bhattacharya -- $tLinking Hinterlands with Colonial Port Towns: Madras and Pondicherry in Early Modern India /$rTsukasa Mizushima -- $tMaritime Asian Trade and Colonization of Penang, c. 1786-1830 /$rTomotaka Kawamura -- $tToward a Transborder, Market-Oriented Society: Changes in the Hinterlands of Banten, c. 1760-1790 /$rAtsushi Ota -- $tHinterlands and Port Cities in Southeast Asia's Economic Development in the Eighteenth Century: The Case of Tin Production and its Export Trade /$rRyuto Shimada -- $tTrade and Crisis: China's Hinterlands in the Eighteenth Century /$rEi Murakami -- $tBibliography /$rTsukasa Mizushima , George Bryan Souza and Dennis O. Flynn -- $tIndex /$rTsukasa Mizushima , George Bryan Souza and Dennis O. Flynn. 330 $aIn Hinterlands and Commodities: Place, Space, Time and the Political Economic Development of Asia over the Long Eighteenth Century , well-known economic and social historians examine important questions concerning temporal and spatial relationships among central places, hinterlands, commodities, and political economic developments in Asia and the Global economy over the long eighteenth century. These timely essays engage hinterlands and commodities providing novel foci on historical impacts maritime trade on political economic developments involving place, space, and time in Asia, thereby furnishing historical background for current conditions. They contribute to discourse concerning historical interactions among indigenous Asian merchant activities and European commercial counterparts. Contributors are: George Bryan Souza, Dennis O. Flynn, Marie A. Lee, Ghulam A. Nadri, Bhaswati Bhattacharya, Tsukasa Mizushima, Tomotaka Kawamura, Atushi Ota, Ryuto Shimada, and Ei Murakami. 410 0$aEuropean Expansion and Indigenous Response$v14. 606 $aCommercial products$zAsia$xHistory$y18th century 606 $aEconomic development$xPolitical aspects$xHistory$zAsia$y18th century 606 $aMerchants$xSocial networks$xHistory$zAsia$y18th century 606 $aPort cities$zAsia$xHistory$y18th century 606 $aRegionalism$xEconomic aspects$xHistory$zAsia$y18th century 606 $aSpace and time$xEconomic aspects$xHistory$zAsia$y18th century 607 $aAsia$xCommerce$xHistory$y18th century 607 $aAsia$xPolitics and government$y18th century 607 $aAsia$xEconomic conditions$y18th century 607 $aAsia$xGeography 615 0$aCommercial products$xHistory 615 0$aEconomic development$xPolitical aspects$xHistory 615 0$aMerchants$xSocial networks$xHistory 615 0$aPort cities$xHistory 615 0$aRegionalism$xEconomic aspects$xHistory 615 0$aSpace and time$xEconomic aspects$xHistory 676 $a382.095 701 $aMizushima$b Tsukasa$f1952-$01686815 701 $aSouza$b George Bryan$0134241 701 $aFlynn$b Dennis O$0147050 801 0$bNL-LeKB 801 1$bNL-LeKB 906 $aBOOK 912 $a9910823624403321 996 $aHinterlands and commodities$94059851 997 $aUNINA